Heat and mass transfer (Record no. 5861)

000 -LEADER
fixed length control field 00529nam a2200205 4500
001 - CONTROL NUMBER
control field 5861
003 - CONTROL NUMBER IDENTIFIER
control field BD-DhUET
008 - FIXED-LENGTH DATA ELEMENTS--GENERAL INFORMATION
fixed length control field 700409m19679999is a b 000 0 eng
040 ## - CATALOGING SOURCE
Original cataloging agency DLC
Transcribing agency DLC
Modifying agency BD-DhUET
082 00 - DEWEY DECIMAL CLASSIFICATION NUMBER
Classification number 621.011
Item number ECK/1959
100 ## - MAIN ENTRY--PERSONAL NAME
Personal name Eckert, R. R. G.
245 00 - TITLE STATEMENT
Title Heat and mass transfer
250 ## - EDITION STATEMENT
Edition statement 2nd ed.
260 ## - PUBLICATION, DISTRIBUTION, ETC. (IMPRINT)
Place of publication, distribution, etc. New York
Name of publisher, distributor, etc. McGraw-Hill
Date of publication, distribution, etc. 1959
300 ## - PHYSICAL DESCRIPTION
Extent xiv, 530p.
490 1# - SERIES STATEMENT
Series statement McGraw-Hill series in mechanical engineering
650 #0 - SUBJECT ADDED ENTRY--TOPICAL TERM
Topical term or geographic name as entry element Heat-Transmission
700 ## - ADDED ENTRY--PERSONAL NAME
Personal name Drake, Robert M.
942 ## - ADDED ENTRY ELEMENTS (KOHA)
Koha item type General Book
Holdings
Location (home branch) Sublocation or collection (holding branch) Koha date last seen Price effective from Piece designation (barcode) Withdrawn status Koha full call number Shelving location Date acquired Koha item type Lost status Koha normalized classification for sorting Koha date last borrowed Source of classification or shelving scheme Copy number Damaged status Not for loan Koha issues (times borrowed)
Central Library, BUETCentral Library, BUET2014-11-292014-11-2936668 621.011/ECK/1959Circulation section2014-11-29General Book 621_011000000000000_ECK_1959      
Central Library, BUETCentral Library, BUET2014-12-032014-12-0314884 621.011/ECK/1959Circulation section2014-12-03General Book 621_000000000000000_011ECK1959  2   
Central Library, BUETCentral Library, BUET2015-04-122015-04-1211302 621.011/ECK/1959Circulation section2015-04-12General Book 621_011000000000000_ECK_1959  3   
Central Library, BUETCentral Library, BUET2015-04-122015-04-1231276 621.011/ECK/1959Circulation section2015-04-12General Book 621_011000000000000_ECK_1959  4   
Central Library, BUETCentral Library, BUET2015-04-122015-04-1231274 621.011/ECK/1959Circulation section2015-04-12General Book 621_011000000000000_ECK_1959  5   
Central Library, BUETCentral Library, BUET2015-04-122015-04-1231271 621.011/ECK/1959Circulation section2015-04-12General Book 621_011000000000000_ECK_1959  6   
Central Library, BUETCentral Library, BUET2015-04-122015-04-1231272 621.011/ECK/1959Circulation section2015-04-12General Book 621_011000000000000_ECK_1959  7   
Central Library, BUETCentral Library, BUET2021-11-282015-04-1331277 621.011/ECK/1959Circulation section2015-04-13General Book 621_011000000000000_ECK_19592020-03-02 8  1
Central Library, BUETCentral Library, BUET2015-04-132015-04-1311301 621.011/ECK/1959Circulation section2015-04-13General Book 621_011000000000000_ECK_1959  9   
Central Library, BUETCentral Library, BUET2015-04-132015-04-1311303 621.011/ECK/1959Circulation section2015-04-13General Book 621_011000000000000_ECK_1959  10   
Central Library, BUETCentral Library, BUET2015-04-132015-04-1324625 621.011/ECK/1959Circulation section2015-04-13General Book 621_011000000000000_ECK_1959  11   
Central Library, BUETCentral Library, BUET2015-04-132015-04-137652 621.011/ECK/1959Circulation section2015-04-13General Book 621_011000000000000_ECK_1959  12   
Central Library, BUETCentral Library, BUET2015-04-132015-04-1324320 621.011/ECK/1959Circulation section2015-04-13General Book 621_011000000000000_ECK_1959  13   
Central Library, BUETCentral Library, BUET2015-04-132015-04-1324976 621.011/ECK/1959Circulation section2015-04-13General Book 621_011000000000000_ECK_1959  14   
Central Library, BUETCentral Library, BUET2015-04-132015-04-1331275 621.011/ECK/1959Circulation section2015-04-13General Book 621_011000000000000_ECK_1959  15   
Central Library, BUETCentral Library, BUET2015-06-162015-06-167655 621.011/ECK/1959Reading section2015-06-16General Book 621_011000000000000_ECK_1959  16